| 000 | 00747nam a2200253Ia 4500 | ||
|---|---|---|---|
| 003 | OSt | ||
| 005 | 20221005035556.0 | ||
| 006 | a|||||r|||| 00| 0 | ||
| 007 | ta | ||
| 008 | 221004b |||||||| |||| 00| 0 urd d | ||
| 020 |
_a18894619070 (hbk) _c500 |
||
| 024 | _a19172 | ||
| 037 |
_b4351, 18/12/2014, Kitabi Duniya _cTextual |
||
| 040 |
_aCRL _cCRL _burd |
||
| 041 |
_2urd _aurd |
||
| 082 | _aA:(Q7), 168Q1 | ||
| 100 |
_aVirk Mohammad Zakaria _9215125 |
||
| 245 | 0 | _aMusalmano ke scienci kaar namein | |
| 260 |
_aDelhi _bKitabi Duniya India _c2011 |
||
| 300 |
_a553p. _ccm. |
||
| 650 | _aSCIENCE | ||
| 942 |
_hA:(Q7), 168Q1 _cTEXL _2cc |
||
| 999 |
_c945397 _d945397 |
||